Council areas de l'Écosse - Carte Quiz - Statistiques

Statistiques générales
  • Ce quiz a été pris 57 fois
  • Le résultat moyen est 11 sur 32
Réponses sur la Carte
Les réponses sont colorées sur une échelle allant du rouge au vert en fonction du pourcentage des utilisateurs qui les ont devinées à leur premier essai. Vous pouvez retrouver ces pourcentages ci-dessous.
 
Statistiques - réponses
Réponse % Correct
Highland
78%
Aberdeen
74%
Aberdeenshire
70%
Orcades
70%
Edimbourg
61%
Shetland
61%
Hébrides extérieures
57%
Glasgow
48%
Lothian de l'Est
43%
Marches écossaises
43%
Fife
39%
Angus
35%
Ayrshire du Sud
30%
Dumfries et Galloway
30%
Dundee
30%
Lanarkshire du Sud
30%
Stirling
30%
Ayrshire de l'Est
26%
Midlothian
26%
Argyll et Bute
22%
Lanarkshire du Nord
22%
Lothian de l'Ouest
22%
Perth et Kinross
22%
Dunbartonshire de l'Ouest
17%
Moray
17%
Ayrshire du Nord
13%
Clackmannanshire
13%
Inverclyde
13%
Renfrewshire
13%
Dunbartonshire de l'Est
9%
Falkirk
9%
Renfrewshire de l'Est
9%
Aucun quiz correspondant
Distribution des résultats
% des personnes avec chaque résultat
Percentile par nombre de réponses
Votre historique - résultats
Vous n’avez pas pris ce quiz